Dry solids, paste and dough mixing equipment

Enregistré dans:
Détails bibliographiques
Collectivité auteur: American Institute of Chemical Engineers (Auteur)
Format: Livre
Langue:anglais
Publié: Nueva York AICHE 1979
Sujets:
Tags: Ajouter un tag
Pas de tags, Soyez le premier à ajouter un tag!

MARC

LEADER 00000nam a2200000 a 4500
001 UCU6988
003 CL-VaPUC
008 960628e19790000US |||||||||||||||||eng|d
082 0 4 |a 660.283  |b AME  |2 21 
110 2 |a American Institute of Chemical Engineers  |e author  |9 365422 
245 1 0 |a Dry solids, paste and dough mixing equipment 
300 |a 29 p 
942 |c BK 
945 |d 19960628 00:00:00  |a cmena 
260 |a Nueva York  |b AICHE  |c 1979 
650 0 |a Equipo industrial   |9 263607 
650 0 |a Química  |9 259896 
650 7 |a PLANTAS INDUSTRIALES FABRICAS  |2 CL-VaPUC  |9 336640 
650 7 |a RECURSOS DE EQUIPAMIENTO  |2 CL-VaPUC  |9 361683 
650 7 |a ESPECIFICACIONES DE EQUIPO  |2 CL-VaPUC  |9 365423 
650 7 |a ENSAYOS DE LABORATORIO  |2 CL-VaPUC  |9 262663 
583 |a last modification  |c 19960628 00:00:00  |k Rodrigo Vera 
999 |c 249711  |d 249709